Wang Chuanshan's ideas on statecraft /
Saved in:
| Main Author: | |
|---|---|
| Format: | Thesis Book |
| Language: | English Chinese |
| Published: |
1990.
|
| Subjects: | |
| Tags: |
Add Tag
No Tags, Be the first to tag this record!
|
| LEADER | 00941cam a2200301 a 4500 | ||
|---|---|---|---|
| 001 | u148509 | ||
| 003 | SIRSI | ||
| 008 | 920321s1990 si v 00 1 eng m | ||
| 035 | |a AAR-4006 | ||
| 040 | |a UMM | ||
| 041 | |a chi |b eng | ||
| 043 | |a a-cc--- | ||
| 090 | |a B5234 |b W33Neo | ||
| 100 | 1 | 0 | |a Neo, Peng Fu. |
| 245 | 1 | 0 | |a Wang Chuanshan's ideas on statecraft / |c by Neo Peng Fu. |
| 260 | |c 1990. | ||
| 300 | |a vi, 144 leaves ; |c 30 cm. | ||
| 500 | |a Text in Chinese, with English summary. | ||
| 500 | |a PPZ. | ||
| 500 | |a msa. | ||
| 500 | |a Photocopy. | ||
| 502 | |a Dissertation (M.A.) -- National University of Singapore, 1990. | ||
| 504 | |a Bibliography: leaves 136-144. | ||
| 600 | 1 | 0 | |a Wang, Fuzhi, |d 1619-1692 |x Views on historiography. |
| 600 | 1 | 0 | |a Wang, Fuzhi, |d 1619-1692 |x Political and social views. |
| 948 | |a 21/03/1992 |b 01/08/2001 | ||
| 596 | |a 1 | ||
| 999 | |a B5234 W33NEO [F] |w LC |c 1 |i A505639812 |l STACKS |m P01UTAMA |r Y |s Y |t TESIS |u 15/4/1992 | ||
